000
00294nam a22001217a 4500
082
_a
080
_b
PLA/B
245
_a
BEST COMPANION TO THE MYSTIC LAND OF MUNNAR & TOUR KERALA ECO TOURISM PROJECTS IN KERALA
250
_a
3
260
_b
JOHNSON PALACKAL
300
_a
96
650
_a
GK
942
_c
BK
999
_c
6653
_d
6653